Las nieves del Kilimanjaro / [por] Ernest Hemingway
Đã lưu trong:
| Tác giả chính: | |
|---|---|
| Định dạng: | Sách |
| Loạt: | Galería literaria
|
| Những chủ đề: | |
| Các nhãn: |
Không có thẻ, Là người đầu tiên thẻ bản ghi này!
|
MARC
| LEADER | 00000nam^a2200000^u^4500 | ||
|---|---|---|---|
| 001 | 000546390 | ||
| 005 | 20250521000000.0 | ||
| 008 | 060220s1000^^^^^^^^^^^^r^^^^^000^0^spa^d | ||
| 009 | 20260310131408.882 | ||
| 022 | |a 8421725408 | ||
| 035 | |a FMI 000015990 | ||
| 037 | |a Acervo Xavier Clavigero | ||
| 096 | |a 9.1.1/212/E | ||
| 100 | |a Hemingway, Ernest |e (autor) | ||
| 245 | 1 | 4 | |a Las nieves del Kilimanjaro / [por] Ernest Hemingway |
| 264 | |a Barcelona : Carlat, 1999 | ||
| 300 | |a 137 p. | ||
| 336 | |a texto |b txt |2 rdacontenido | ||
| 337 | |a sin mediación |b n |2 rdamedio | ||
| 338 | |a volumen |b nc |2 rdasoporte | ||
| 440 | 0 | |a Galería literaria | |
| 649 | |a XX | ||
| 650 | |a NOVELA ESTADOUNIDENSE -- SIGLO XX | ||
| 910 | |a Fondo Francisco Migoya Covarrubias S.J. | ||
| 920 | |a Impresos - Libros | ||
| 930 | |a Fondos Especiales | ||
| 905 | |a 134 | ||
| 901 | |a SBC23655 |b IT2 |c ESP |u 20250521 | ||
| 902 | |a https://opac.biblio.iteso.mx/vufind/Record/000546390 | ||